Cricketers (batsmen) by First Name - Statistics

General Stats
  • This quiz has been taken 434 times
  • The average score is 15 of 20
Answer Stats
first name surname % Correct
Virat Kohli
94%
Joe Root
92%
Steve Smith
91%
Kane Williamson
91%
Alastair Cook
90%
Younus Khan
87%
Abraham "AB" de Villiers
86%
Ross Taylor
86%
Hashim Amla
83%
Angelo Mathews
83%
Ajinkya Rahane
80%
Brendon McCullum
79%
Cheteshwar Pujara
78%
David Warner
77%
Misbah ul Haq
72%
Sarfraz Ahmed
69%
Murali Vijay
52%
Dinesh Chandimal
30%
Asad Shafiq
28%
Adam Voges
24%
No matching quizzes found
Score Distribution
Percent of People with Each Score
Percentile by Number Answered
Your Score History
You have not taken this quiz